|
|
|
|
| LEADER |
00000nam0a2200000 4500 |
| 001 |
285593 |
| 005 |
20231101235817.0 |
| 020 |
|
|
|a RU
|b 85-50631
|
| 035 |
|
|
|a (RuTPU)RU\TPU\book\309836
|
| 090 |
|
|
|a 285593
|
| 100 |
|
|
|a 20150226d1985 km y0rusy5003 ca
|
| 101 |
0 |
|
|a rus
|
| 102 |
|
|
|a RU
|
| 105 |
|
|
|a a z 001zy
|
| 200 |
1 |
|
|a Устойчивость горных выработок в скальных породах
|f Э. В. Каспарьян
|
| 210 |
|
|
|a Ленинград
|c Наука
|d 1985
|
| 215 |
|
|
|a 183 с.
|c ил.
|
| 320 |
|
|
|a Библиогр.: с. 176-181
|
| 606 |
1 |
|
|a Горные выработки
|x Устойчивость
|2 stltpush
|3 (RuTPU)RU\TPU\subj\7783
|9 35330
|
| 610 |
1 |
|
|a горные породы скальные
|
| 610 |
1 |
|
|a физико-механические исследования
|
| 610 |
1 |
|
|a контроль
|
| 610 |
1 |
|
|a оценка
|
| 610 |
1 |
|
|a аналитические методы
|
| 610 |
1 |
|
|a плотность
|
| 610 |
1 |
|
|a деформационные свойства
|
| 610 |
1 |
|
|a расчет на устойчивость
|
| 675 |
|
|
|a 622.822
|z rus
|v 3
|
| 700 |
|
1 |
|a Каспарьян
|b Э. В.
|g Эдуард Варужанович
|4 070
|
| 702 |
|
1 |
|a Гущин
|b В. В.
|4 340
|
| 712 |
0 |
2 |
|a Академия наук СССР (АН СССР)
|b Кольский филиал
|b Горный институт (ГоИ)
|c (Апатиты, Мурманская обл.)
|c (1972-1991)
|2 stltpush
|3 (RuTPU)RU\TPU\col\19364
|
| 801 |
|
0 |
|a RU
|b RuMRKP
|c 19950704
|g psbo
|
| 801 |
|
1 |
|a RU
|b 63413507
|c 20150226
|
| 801 |
|
2 |
|a RU
|b 63413507
|c 20171108
|g RCR
|
| 942 |
|
|
|c BK
|